000 00990nam a22003017a 4500
003 CHAP
005 20220329134903.0
008 971013s1978 r 10010 d
010 _a27534
011 _a28506
035 _a32610
040 _cCHAP
082 _a591
_bC65m
111 0 0 _aCongreso Nacional de Zoología (
_n1
_d: 1977
_c: Chapingo, Méx.)
_927109
245 _aMemoria
260 _aChapingo, Méx. :
_bENA,
_c1978
500 _aIncluye: Simposio Nacional de Ornitología (1: 1976 : Tuxtla Gutiérrez, Chis)
590 _aBATCH-UPD
_b10
_c20130110
_lUCH01
_h2205
590 _aBATCH-UPD
_b10
_c20130410
_lUCH01
_h1510
590 _aBATCH-UPD
_b10
_c20130914
_lUCH01
_h1033
590 _aCONVERSION
_b10
_c20130109
_lUCH01
_h1316
650 1 4 _aZoología
_xCongresos.
_9124165
710 0 _aENA.
_936669
901 _aBK
942 _cLIBRO
949 _a591 C65m
_bBC
_cCONG
_d-75949
_eCONG
_fc.2
_h9862
_i32610
_si
949 _a591 C65m
_bBC
_cUACH
_d33724000354478
_eUACH
_h9861
_i32610
_sb
999 _c27534
_d27534